Giáo trình phát triển ứng dụng di động nâng cao

Thư mục: tr. 290; Cung cấp các kiến thức về lập trình nâng cao cho thiết bị di động sử dụng hệ điều hành Android, cách sử dụng ngôn ngữ lập trình Java vào việc triển khai các dự án trên thiết bị Android...

पूर्ण विवरण

में बचाया:
ग्रंथसूची विवरण
मुख्य लेखक: Lê, Hoành Sử
अन्य लेखक: Hồ, Trung Thành
स्वरूप: पुस्तक
भाषा:Undetermined
प्रकाशित: Tp. Hồ Chí Minh Đại học Quốc gia Tp.HCM 2017
विषय:
ऑनलाइन पहुंच:http://lrc.tdmu.edu.vn/opac/search/detail.asp?aID=2&ID=32906
टैग : टैग जोड़ें
कोई टैग नहीं, इस रिकॉर्ड को टैग करने वाले पहले व्यक्ति बनें!
Thư viện lưu trữ: Trung tâm Học liệu Trường Đại học Thủ Dầu Một
LEADER 01159nam a2200217Ia 4500
001 TDMU_32906
008 210410s9999 xx 000 0 und d
082 |a 304.873 
090 |b L250 
100 |a Lê, Hoành Sử 
245 0 |a Giáo trình phát triển ứng dụng di động nâng cao 
245 0 |c Lê Hoành Sử (ch.b.), Hồ Trung Thành, Trần Duy Thanh 
260 |a Tp. Hồ Chí Minh 
260 |b Đại học Quốc gia Tp.HCM 
260 |c 2017 
300 |a 290tr. 
520 |a Thư mục: tr. 290; Cung cấp các kiến thức về lập trình nâng cao cho thiết bị di động sử dụng hệ điều hành Android, cách sử dụng ngôn ngữ lập trình Java vào việc triển khai các dự án trên thiết bị Android 
650 |a Thiêt bị di động  |x Ứng dụng; Phần mềm ứng dụng  |x Phát triển; Hệ điều hành Android 
700 |a Hồ, Trung Thành 
856 |u http://lrc.tdmu.edu.vn/opac/search/detail.asp?aID=2&ID=32906 
980 |a Trung tâm Học liệu Trường Đại học Thủ Dầu Một